LEADER 01958nam 2200517 a 450 001 9910452913703321 005 20200520144314.0 010 $a1-61668-081-4 035 $a(CKB)2550000001042515 035 $a(EBL)3020308 035 $a(SSID)ssj0000860113 035 $a(PQKBManifestationID)12450196 035 $a(PQKBTitleCode)TC0000860113 035 $a(PQKBWorkID)10901936 035 $a(PQKB)10067985 035 $a(MiAaPQ)EBC3020308 035 $a(Au-PeEL)EBL3020308 035 $a(CaPaEBR)ebr10676548 035 $a(OCoLC)923663279 035 $a(EXLCZ)992550000001042515 100 $a20080326d2008 uy 0 101 0 $aeng 135 $aur|n|---||||| 181 $ctxt 182 $cc 183 $acr 200 00$aConstructed wetlands$b[electronic resource] /$fJaya Kandasamy and Saravanamuthu Vigneswaran, editor 210 $aNew York $cNova Science Publishers$dc2008 215 $a1 online resource (146 p.) 300 $aDescription based upon print version of record. 311 $a1-60456-613-2 320 $aIncludes bibliographical references and index. 327 $aConstructed wetlands: classification, functions and treatment / G. Moat ... [et al.] -- Design and construction of constructed wetlands / P. Ghanem, B. Simpson -- Operation and maintenance of wetlands / Roberto Di Federico, Jaya Kandasamy -- Challenges in managing urban wetlands: Sydney Olympic Park / Swapan Paul -- Socio-economics of constructed wetlands: engaging the community / Elisa Idris, Amit Chanan, Jaya Kandasamy. 606 $aConstructed wetlands 608 $aElectronic books. 615 0$aConstructed wetlands. 676 $a628.3/5 701 $aKandasamy$b Jaya$0916648 701 $aVigneswaran$b Saravanamuthu$f1952-$0916649 801 0$bMiAaPQ 801 1$bMiAaPQ 801 2$bMiAaPQ 906 $aBOOK 912 $a9910452913703321 996 $aConstructed wetlands$92054927 997 $aUNINA LEADER 01567nas 2200553- 450 001 9910347933803321 005 20230125213019.0 011 $a2590-0285 035 $a(OCoLC)1096281414 035 $a(CKB)4100000007812336 035 $a(CONSER)--2021229568 035 $a(DE-599)ZDB2976377-0 035 $a(EXLCZ)994100000007812336 100 $a20190410a20199999 o-- a 101 0 $aeng 135 $aur||||||||||| 181 $ctxt$2rdacontent 182 $cc$2rdamedia 183 $acr$2rdacarrier 200 00$aMatrix biology plus 210 1$aAmsterdam :$cElsevier B.V.,$d2019- 215 $a1 online resource 225 1 $aDirectory of Open Access Journals. 300 $aRefereed/Peer-reviewed 410 0$aDirectory of Open Access Journals. 531 10$aMatrix Biol Plus 606 $aCollagen$vPeriodicals 606 $aConnective tissues$vPeriodicals 606 $aCollagen 606 $aExtracellular Matrix 606 $aConnective Tissue 606 $aCollagen$2fast$3(OCoLC)fst00867102 606 $aConnective tissues$2fast$3(OCoLC)fst00875344 608 $aPeriodical. 608 $aPeriodicals.$2fast 608 $aZeitschrift.$2gnd-content 615 0$aCollagen 615 0$aConnective tissues 615 2$aCollagen. 615 2$aExtracellular Matrix. 615 2$aConnective Tissue. 615 7$aCollagen. 615 7$aConnective tissues. 676 $a570 676 $a610 906 $aJOURNAL 912 $a9910347933803321 996 $aMatrix biology plus$91899388 997 $aUNINA